Open Data Biblioteca Nacional de Portugal


República Portuguesa: Ministério da Cultura
Biblioteca Nacional de Portugal

Catálogo da BNP: acesso por Identificadores Unívocos
Registos Bibliográficos associados ao registo de autoridade

Etiqueta de registo: 00658cam 2200229 450
001 1061966
003 http://id.bnportugal.gov.pt/bib/catbnp/1061966
005 20011016163900.0
021 ## $aPT$b156676/00
100 ## $a20010712d2001 m y0pory0103 ba
101 0# $apor
102 ## $aPT
105 ## $ay z 000zd
106 ## $ar
200 1# $a A pensar no Faial$fJosé Decq Mota
210 #9 $a[S.l.]$cSousa e Spaniks,$d2000
215 ## $a137 p.$d21 cm
607 ## $2SIPOR$31010821
675 ## $a821.134.3-92"19"$vBN$zpor$3298384
675 ## $a908(469.91)(046)$vBN$zpor$31010822
700 #1 $aMota,$bJosé Eduardo Bicudo Decq$31010200
966 ## $lBN$mFGMON$sL. 68739 V.$x1
966 ## $lBN$mFGMON$sL. 68739 V.$x1
997 ## $aBIBEOD

Etiqueta de registo: 00254nam 2200025 450
001 2224523
003 http://id.bnportugal.gov.pt/bib/catbnp/2224523
010 ## $a978-989-735-595-0
021 ## $aPT$b544513/25
100 ## $a20250828d2025 m y0pory01030103ba
101 0# $apor
102 ## $aPT
105 ## $ay z 000zy
106 ## $ar
200 1# $aSinais inquietantes o nosso tempo$fCarlos Frayão$gpref. José Decq Mota
210 #9 $aPonta Delgada$cLetras Lavadas,$dcop. 2025
215 ## $a254 p.$d23 cm
675 ## $a821.134.3-92"19/20"$vBN$zpor$3601405
700 #1 $aFrayão,$bCarlos,$f1948-$31964799
702 #1 $aMota,$bJosé Eduardo Bicudo Decq$4080$31010200
801 #0 $aPT$bBN$gRPC
856 41 $uhttp://rnod.bnportugal.gov.pt/ImagesBN/winlibimg.aspx?skey=&doc=2224523&img=212639&save=true
900 ## $aBIBNAC$d20251002
966 ## $lBN$mFGMON$sL. 178368 V.$x1
966 ## $lBN$mFGMON$sL. 178368 V.-D$x1
971 ## $cjbeatriz$d20250828
972 ## $e0$z0$d20251002$vasantos
973 ## $cacosta$d20250922

Etiqueta de registo: 00254nam 2200025 450
001 2277439
003 http://id.bnportugal.gov.pt/bib/catbnp/2277439
010 ## $a978-989-97324-4-5
021 ## $aPT$b551297/25
100 ## $a20260306d2025 m y0pory01030103ba
101 0# $apor
102 ## $aPT
105 ## $aa z 000yy
106 ## $ar
200 1# $aCapelinhos, fotobiografia de um vulcão$fcol. fotográficas Luís Carlos Decq Motta, José Agostinho$gcoord. Paulo J. M. Barcelos, Paulo Henrique Silva$gtextos José Decq Mota... [et al.]$glegendas Paulo J. M. Barcelos, Salomé Meneses, José Decq Mota$gdigitalizações, restauros fotográficos e fot. em 2024 Paulo Henrique Silva
210 #9 $a[S.l.]$cAssociação Os Montanheiros$cLetras Lavadas,$d2025
215 ## $a255 p.$cil.$d31 cm
675 ## $a551.21(469.9)"1957/2025"$vBN$zpor$31994262
675 ## $a77.03$vBN$zpor$3290160
700 #1 $aMotta,$bLuís Carlos Decq,$f1917-2011$31989916
701 #1 $aAgostinho,$bJosé,$f1888-1978$4070$32542
701 #1 $aSilva,$bPaulo Henrique$4070$31371935
702 #1 $aBarcelos,$bPaulo J. M.,$f1971-$4340$31453637
702 #1 $aMota,$bJosé Eduardo Bicudo Decq$4205$31010200
702 #1 $aMeneses,$bSalomé$4205$31989932
801 #0 $aPT$bBN$gRPC
856 41 $uhttp://rnod.bnportugal.gov.pt/ImagesBN/winlibimg.aspx?skey=&doc=2277439&img=220933&save=true
966 ## $lBN$mFGMON$sS.A. 9417 A.$x1
966 ## $lBN$mFGMON$sS.A. 9417 A.-D $x1
971 ## $cssilva$d20260306
973 ## $cigoulao$d20260330

OpendataBNP@bnportugal.pt | Mais informação sobre acesso aos dados BNP